Najmłodsi strzelcy reprezentacji Anglii - Statystyki

Ogólne statystyki
  • Ten quiz został rozwiązany 254 razy
  • Średni wynik to 2 z 5
Statystyki odpowiedzi
Zawodnik Pozycja Data zdobycia bramki Wiek zawodnika % Poprawnych
Wayne Rooney Środkowy napastnik 06.09.2003 17 lat 10 miesięcy 13 dni
78%
Jude Bellingham Ofensywny pomocnik 21.11.2022 19 lat 04 miesięcy 23 dni
70%
Marcus Rashford Lewy skrzydłowy 27.05.2016 18 lat 06 miesięcy 26 dni
50%
Alex Oxlade-Chamberlain Środkowy pomocnik 12.10.2012 19 lat 01 miesiąc 27 dni
5%
Micah Richards Prawy obrońca 08.09.2007 19 lat 02 miesięcy 15 dni
4%
Nie znaleziono quizów pasujących do podanych kryteriów
Rozkład punktacji
Procent ludzi z każdym wynikiem
Percentyl według liczby udzielonych odpowiedzi
Twoja historia wyników
Nie rozwiązałeś tego quizu